[Event "Women's Speed Chess GP2"]
[Site "chess.com INT"]
[Date "2020.07.02"]
[Round "2.2"]
[White "Khademalsharieh, Sarasadat"]
[Black "Girya, Olga"]
[Result "1-0"]
[WhiteTitle "IM"]
[BlackTitle "WGM"]
[WhiteElo "2494"]
[BlackElo "2469"]
[WhiteFideId "12512214"]
[BlackFideId "4195752"]
[EventDate "2020.07.01"]
[EventType "k.o. blitz"]

1. Nf3 d5 2. e3 Nf6 3. c4 e6 4. Nc3 b6 5. b3 Bb7 6. Bb2 Nbd7 7. cxd5 exd5 8. Be2
Bd6 9. O-O a6 10. Rc1 O-O 11. d4 Qe7 12. Re1 Rfe8 13. Bf1 Ne4 14. g3 Ndf6 15.
Bg2 Nxc3 16. Bxc3 Ne4 17. Bb2 a5 18. Re2 a4 19. Rec2 axb3 20. axb3 f6 21. Nd2 h5
22. Nxe4 dxe4 23. Qxh5 Ra5 24. Qe2 Bd5 25. b4 Ra4 26. b5 Rea8 27. Bf1 Qd7 28.
Qh5 Bf7 29. Qh4 Bd5 30. Qh5 Bf7 31. Qe2 Bd5 32. Bc3 Bc4 33. Qh5 Bf7 34. Qh4 Bd5
35. Be1 Qf7 36. Bh3 Re8 37. Qg4 Be6 38. Qh4 Bd5 39. Bf1 g5 40. Qg4 Kg7 41. Rc3
Re7 42. Qd1 Ra8 43. Bc4 Bxc4 44. Rxc4 Qd5 45. Bb4 Qxb5 46. Bxd6 cxd6 47. Rc6 Rd7
48. h4 Qf5 49. hxg5 fxg5 50. Rxb6 Rh8 51. Qf1 Kg6 52. Qg2 Qe6 53. d5 Qf5 54. Rb4 1-0

[Event "Women's Speed Chess GP2"]
[Site "chess.com INT"]
[Date "2020.07.02"]
[Round "2.3"]
[White "Girya, Olga"]
[Black "Khademalsharieh, Sarasadat"]
[Result "1-0"]
[WhiteTitle "WGM"]
[BlackTitle "IM"]
[WhiteElo "2469"]
[BlackElo "2494"]
[WhiteFideId "4195752"]
[BlackFideId "12512214"]
[EventDate "2020.07.01"]
[EventType "k.o. blitz"]

1. d4 Nf6 2. c4 e6 3. Nf3 d5 4. Nc3 Bb4 5. cxd5 exd5 6. Qa4+ Nc6 7. Bg5 h6 8.
Bxf6 Qxf6 9. e3 O-O 10. Be2 Be6 11. a3 Bd6 12. Nb5 Rad8 13. O-O a6 14. Nxd6 Rxd6
15. Rac1 Bg4 16. h3 Bxf3 17. Bxf3 Rfd8 18. Rc5 R8d7 19. Rfc1 Qd8 20. Qb3 Na5 21.
Rxa5 1-0

[Event "Women's Speed Chess GP2"]
[Site "chess.com INT"]
[Date "2020.07.02"]
[Round "2.4"]
[White "Khademalsharieh, Sarasadat"]
[Black "Girya, Olga"]
[Result "0-1"]
[WhiteTitle "IM"]
[BlackTitle "WGM"]
[WhiteElo "2494"]
[BlackElo "2469"]
[WhiteFideId "12512214"]
[BlackFideId "4195752"]
[EventDate "2020.07.01"]
[EventType "k.o. blitz"]

1. Nf3 d5 2. e3 Nf6 3. c4 e6 4. Nc3 b6 5. Be2 Bb7 6. O-O Nbd7 7. cxd5 exd5 8. b3
a6 9. Bb2 Bd6 10. Nd4 O-O 11. Nf5 Bc5 12. a3 Re8 13. b4 Bf8 14. Rc1 c5 15. bxc5
bxc5 16. Qa4 g6 17. Ng3 Bg7 18. Rfe1 d4 19. exd4 Nb6 20. Qd1 cxd4 21. Na4 d3 22.
Bxf6 Qxf6 23. Nxb6 dxe2 24. Qb3 Qd4 25. Nxe2 Qxd2 26. Nc4 Qd5 27. Nf4 Rxe1+ 28.
Rxe1 Qb5 29. Rb1 Qxb3 30. Rxb3 Bc6 31. h4 h5 32. Rb6 Bb5 33. Nd6 Bd4 34. Rb7 Be5
35. Nxb5 Bxf4 36. Nd4 Rd8 37. g3 Rxd4 38. gxf4 Rxf4 39. Ra7 Ra4 40. Kg2 Rxa3 41.
f3 Kg7 42. Kg3 Kf6 43. Kf4 Ra1 44. Ra8 a5 45. Ra6+ Kg7 46. Kg3 a4 47. Kf4 a3 48.
Kg3 Kf8 49. Kg2 Ke7 50. Kh2 Kd7 51. Kg2 Kc7 52. Ra7+ Kb6 53. Ra8 Kb5 54. f4 Kc4
55. f5 gxf5 56. Rc8+ Kb3 57. Rb8+ Ka2 58. Rb5 Rb1 59. Rxf5 Rb2+ 60. Kg3 Kb3 61.
Rb5+ Ka4 62. Rxh5 a2 63. Rh8 Kb3 64. Ra8 Rb1 65. h5 a1=Q 66. Rxa1 Rxa1 0-1

[Event "Women's Speed Chess GP2"]
[Site "chess.com INT"]
[Date "2020.07.02"]
[Round "2.5"]
[White "Girya, Olga"]
[Black "Khademalsharieh, Sarasadat"]
[Result "1-0"]
[WhiteTitle "WGM"]
[BlackTitle "IM"]
[WhiteElo "2469"]
[BlackElo "2494"]
[WhiteFideId "4195752"]
[BlackFideId "12512214"]
[EventDate "2020.07.01"]
[EventType "k.o. blitz"]

1. d4 Nf6 2. c4 e6 3. Nf3 d5 4. Nc3 Bb4 5. cxd5 exd5 6. Qa4+ Nc6 7. Bg5 h6 8.
Bxf6 Qxf6 9. e3 O-O 10. Be2 Rd8 11. O-O a6 12. Rfc1 Be6 13. a3 Bd6 14. b4 Ne7
15. Qb3 g5 16. b5 a5 17. b6 c6 18. Na4 Ng6 19. Nc5 Bc8 20. Nd3 g4 21. Nfe5 Nxe5
22. dxe5 Bxe5 23. Nxe5 Qxe5 24. Rd1 Be6 25. Qc2 h5 26. Rd4 Kg7 27. Rc1 Rh8 28.
Qc5 Rh6 29. Rf4 Rf6 30. Rxf6 Qxf6 31. Rd1 Bf5 32. Rd4 Be4 33. Qc3 Bf5 34. Qc5
Bg6 35. Bf1 Qe5 36. Be2 Qf5 37. Bf1 Qb1 38. Rf4 Qb2 39. Qe7 Qxb6 40. g3 Qb2 41.
Bd3 Qa1+ 42. Kg2 Bxd3 43. Qxf7+ Kh8 44. Qxh5+ Bh7 45. Rf7 Qg7 46. Rxg7 Kxg7 47.
Qxg4+ Kh8 48. Qf4 Kg8 49. Qg5+ Kh8 50. Qf6+ Kg8 51. Qe6+ Kh8 52. h4 Rf8 53. h5
Be4+ 54. Kg1 c5 55. h6 c4 56. Qe5+ 1-0

[Event "Women's Speed Chess GP2"]
[Site "chess.com INT"]
[Date "2020.07.02"]
[Round "2.6"]
[White "Khademalsharieh, Sarasadat"]
[Black "Girya, Olga"]
[Result "1-0"]
[WhiteTitle "IM"]
[BlackTitle "WGM"]
[WhiteElo "2494"]
[BlackElo "2469"]
[WhiteFideId "12512214"]
[BlackFideId "4195752"]
[EventDate "2020.07.01"]
[EventType "k.o. blitz"]

1. Nf3 d5 2. c4 e6 3. e3 Nf6 4. Nc3 b6 5. b3 Bb7 6. Bb2 Nbd7 7. Be2 Bd6 8. O-O
O-O 9. d4 a6 10. cxd5 exd5 11. Rc1 Qe7 12. Re1 Ne4 13. Bf1 f5 14. g3 Ndf6 15.
Bg2 Ng4 16. Re2 Rae8 17. Qf1 h5 18. Rec2 Rf6 19. Ne5 Nxc3 20. Bxc3 h4 21. Nxg4
fxg4 22. Qd1 Qe6 23. Be1 Re7 24. Bf1 Ref7 25. Be2 Rf3 26. Bxf3 gxf3 27. Qd3 hxg3
28. fxg3 Rf6 29. Bf2 Rh6 30. Rf1 Qh3 31. Be1 Rf6 32. Rcf2 Qg4 33. Qd1 Bc8 34.
Rxf3 Qf4 35. Rxf4 1-0

[Event "Women's Speed Chess GP2"]
[Site "chess.com INT"]
[Date "2020.07.02"]
[Round "2.7"]
[White "Girya, Olga"]
[Black "Khademalsharieh, Sarasadat"]
[Result "1/2-1/2"]
[WhiteTitle "WGM"]
[BlackTitle "IM"]
[WhiteElo "2469"]
[BlackElo "2494"]
[WhiteFideId "4195752"]
[BlackFideId "12512214"]
[EventDate "2020.07.01"]
[EventType "k.o. blitz"]

1. d4 Nf6 2. c4 e6 3. Nf3 d5 4. Nc3 Bb4 5. Qb3 c5 6. dxc5 Nc6 7. Bg5 Qa5 8. Bxf6
dxc4 9. Qxc4 gxf6 10. Rc1 Qxc5 11. Qh4 Ke7 12. g3 Bxc3+ 13. Rxc3 Qb4 14. Qxb4+
Nxb4 15. a3 Nc6 16. e4 Bd7 17. Bd3 Rac8 18. Ke2 e5 19. Ke3 Bg4 20. Nd2 Nd4 21.
Rhc1 Rxc3 22. Rxc3 Rc8 23. Rxc8 Bxc8 24. f4 Ne6 25. Nc4 b5 26. Na5 Bd7 27. Nb3
Kd6 28. f5 Nc5 29. Nxc5 Kxc5 30. b4+ Kd6 31. Kf3 Ke7 32. Kg4 Kf8 33. Kh5 Kg7 34.
h4 h6 35. Kg4 Bc6 36. Kf3 Bd7 37. Ke3 Bc6 38. Kd2 Bd7 39. Kc3 Bc6 40. Kb3 Bd7
41. Kc3 Bc6 42. Kd2 a6 43. Ke3 Kf8 44. Kf3 Ke7 45. Kg4 Kf8 46. Bc2 Kg7 47. Kf3
Kf8 48. Bb3 Ke7 49. Ba2 Bb7 50. Bb1 Bc6 51. Kg4 Kf8 52. Kh5 Kg7 53. Kg4 Kf8 54.
Kf3 Ke7 55. g4 Kd6 56. Ke3 Ke7 57. Ba2 Bb7 58. Bb3 Bc6 59. Ba2 1/2-1/2

[Event "Women's Speed Chess GP2"]
[Site "chess.com INT"]
[Date "2020.07.02"]
[Round "2.8"]
[White "Khademalsharieh, Sarasadat"]
[Black "Girya, Olga"]
[Result "1/2-1/2"]
[WhiteTitle "IM"]
[BlackTitle "WGM"]
[WhiteElo "2494"]
[BlackElo "2469"]
[WhiteFideId "12512214"]
[BlackFideId "4195752"]
[EventDate "2020.07.01"]
[EventType "k.o. blitz"]

1. Nf3 d5 2. c4 e6 3. d4 Nf6 4. Nc3 Bb4 5. cxd5 exd5 6. Bg5 h6 7. Bxf6 Qxf6 8.
Qb3 c5 9. dxc5 Bxc3+ 10. Qxc3 Qxc3+ 11. bxc3 Na6 12. O-O-O O-O 13. Rxd5 Be6 14.
Rd2 Nxc5 15. e3 Ne4 16. Rc2 Rac8 17. Kb2 Rfd8 18. Nd4 Rd6 19. f3 Rb6+ 20. Ka1
Nxc3 21. Bd3 Nd5 22. Rxc8+ Bxc8 23. Rc1 Bd7 24. e4 Nf4 25. Bf1 Ne6 26. Nf5 Kh7
27. Rd1 Ba4 28. Rd6 Rb4 29. Bd3 g6 30. Ne3 Kg7 31. Bc4 Nf4 32. a3 Rb6 33. Rxb6
axb6 34. Kb2 Kf6 35. Kc3 g5 36. g3 Ng6 37. Kd4 Bc6 38. Nd5+ Bxd5 39. Bxd5 Ne5
40. f4 gxf4 41. gxf4 Nc6+ 42. Ke3 Ke7 43. e5 f6 44. Ke4 fxe5 45. fxe5 Na5 46.
Kf5 b5 47. Kg6 Nc4 48. Kxh6 Nxa3 49. Kg7 Nc4 50. h4 Nxe5 51. h5 Ng4 52. Bxb7 b4
53. Bf3 Nf6 54. Bd1 Nxh5+ 55. Bxh5 b3 56. Bg6 b2 57. Bb1 Kd6 58. Kf6 1/2-1/2

[Event "Women's Speed Chess GP2"]
[Site "chess.com INT"]
[Date "2020.07.02"]
[Round "2.9"]
[White "Girya, Olga"]
[Black "Khademalsharieh, Sarasadat"]
[Result "0-1"]
[WhiteTitle "WGM"]
[BlackTitle "IM"]
[WhiteElo "2469"]
[BlackElo "2494"]
[WhiteFideId "4195752"]
[BlackFideId "12512214"]
[EventDate "2020.07.01"]
[EventType "k.o. blitz"]

1. d4 Nf6 2. c4 e6 3. Nf3 d5 4. Nc3 Bb4 5. cxd5 exd5 6. Qa4+ Nc6 7. Bg5 h6 8.
Bxf6 Qxf6 9. e3 O-O 10. Be2 Be6 11. a3 Bxc3+ 12. bxc3 Ne7 13. c4 c6 14. c5 b5
15. cxb6 axb6 16. Qb3 b5 17. O-O Ra4 18. Rfc1 Rfa8 19. Ne5 Bf5 20. Bd3 b4 21.
Bxf5 Qxf5 22. g4 Qe6 23. h3 Rxa3 24. Rxa3 bxa3 25. Ra1 Qd6 26. Ra2 h5 27. Kg2
hxg4 28. hxg4 Ng6 29. Nxg6 Qxg6 30. Kg3 Qd6+ 31. Kg2 g6 32. Qc3 Kg7 33. Qb3 Qe6
34. Kg3 Rh8 35. Qxa3 Qf6 36. Qc3 Qh4+ 37. Kf3 Qh3+ 38. Ke2 Qxg4+ 39. Kd2 Rh2 40.
Kc1 Qg1+ 41. Kb2 Rxf2+ 42. Ka3 Rf3 43. Re2 Qf1 44. Qd2 Rf6 45. Qd3 Qa1+ 46. Ra2
Qc1+ 47. Rb2 Rf2 48. Kb3 Rxb2+ 0-1

[Event "Women's Speed Chess GP2"]
[Site "chess.com INT"]
[Date "2020.07.02"]
[Round "2.10"]
[White "Khademalsharieh, Sarasadat"]
[Black "Girya, Olga"]
[Result "1-0"]
[WhiteTitle "IM"]
[BlackTitle "WGM"]
[WhiteElo "2494"]
[BlackElo "2469"]
[WhiteFideId "12512214"]
[BlackFideId "4195752"]
[EventDate "2020.07.01"]
[EventType "k.o. blitz"]

1. Nf3 d5 2. c4 e6 3. e3 Nf6 4. b3 b6 5. Bb2 Bb7 6. Nc3 Nbd7 7. cxd5 exd5 8. g3
Bd6 9. Bg2 O-O 10. O-O Qe7 11. Nd4 g6 12. Ndb5 a6 13. Nxd6 Qxd6 14. Rc1 c5 15.
Ne2 Rfe8 16. d4 Rac8 17. dxc5 bxc5 18. Nf4 Rcd8 19. Rc2 h5 20. h4 Qb8 21. Bxf6
Nxf6 22. Rxc5 Ne4 23. Qd4 Nxc5 24. Qxc5 Qd6 25. Qd4 Qe5 26. Qb4 Rb8 27. Rd1 Ba8
28. Qa4 Red8 29. Qxa6 Bb7 30. Qd3 Ra8 31. a4 Qf6 32. Nxd5 Bxd5 33. Bxd5 Rab8 34.
e4 Qe5 35. a5 Kg7 36. a6 Qc7 37. Qd4+ Kh7 38. a7 Ra8 39. Ra1 Rd7 40. Bxa8 Rxd4
41. Bd5 Qc2 42. a8=Q Rd1+ 43. Rxd1 Qxd1+ 44. Kg2 1-0

[Event "Women's Speed Chess GP2"]
[Site "chess.com INT"]
[Date "2020.07.02"]
[Round "2.11"]
[White "Girya, Olga"]
[Black "Khademalsharieh, Sarasadat"]
[Result "1-0"]
[WhiteTitle "WGM"]
[BlackTitle "IM"]
[WhiteElo "2469"]
[BlackElo "2494"]
[WhiteFideId "4195752"]
[BlackFideId "12512214"]
[EventDate "2020.07.01"]
[EventType "k.o. blitz"]

1. d4 Nf6 2. c4 e6 3. Nf3 d5 4. Nc3 Bb4 5. cxd5 exd5 6. Qa4+ Nc6 7. Bg5 h6 8.
Bxf6 Qxf6 9. e3 O-O 10. Be2 Rd8 11. O-O Bf8 12. Rfc1 Ne7 13. b4 g5 14. Ne5 Ng6
15. Nxg6 Qxg6 16. b5 Be6 17. Qb3 Bd6 18. Bf3 c6 19. g3 g4 20. Bg2 h5 21. Ne2 Bd7
22. Nf4 Bxf4 23. exf4 Qf6 24. bxc6 bxc6 25. Qc3 Re8 26. Re1 Rxe1+ 27. Rxe1 Re8
28. Re5 Rxe5 29. fxe5 Qf5 30. Qb3 h4 31. gxh4 Qf4 32. Qe3 Qxe3 33. fxe3 Bf5 34.
Kf2 Kg7 35. Kg3 Kg6 36. Bf1 Kh5 37. Be2 Bb1 38. Bxg4+ Kg6 39. a3 Bd3 40. Bd7 Bb5
41. Bg4 a5 42. Kf4 f6 43. h5+ Kg7 44. exf6+ Kxf6 45. Bf5 Bc4 46. h6 Bb5 47. h7
Kg7 48. Ke5 Kh8 49. Kd6 Ba4 50. Bd7 Kxh7 51. Bxc6 1-0

[Event "Women's Speed Chess GP2"]
[Site "chess.com INT"]
[Date "2020.07.02"]
[Round "2.1"]
[White "Lagno, Kateryna"]
[Black "Abdumalik, Zhansaya"]
[Result "1-0"]
[WhiteTitle "GM"]
[BlackTitle "IM"]
[WhiteElo "2546"]
[BlackElo "2478"]
[WhiteFideId "14109336"]
[BlackFideId "13703544"]
[EventDate "2020.07.01"]
[EventType "k.o. blitz"]

1. e4 e5 2. Nf3 Nc6 3. Bb5 a6 4. Ba4 Nf6 5. O-O Be7 6. d3 b5 7. Bb3 d6 8. a4 Bd7
9. Bd2 O-O 10. h3 b4 11. a5 Rb8 12. c3 h6 13. Re1 Re8 14. d4 Bf8 15. d5 bxc3 16.
bxc3 Ne7 17. Bc4 Qc8 18. Qe2 Ra8 19. Na3 c6 20. dxc6 Nxc6 21. Nc2 Qc7 22. Bxa6
Nxe4 23. Qxe4 Rxa6 24. c4 f5 25. Qe2 Rea8 26. Nb4 Nxb4 27. Bxb4 Be6 28. Rec1 Bf7
29. c5 Rc6 30. Qe1 dxc5 31. Nxe5 Re6 32. Bc3 f4 33. Qe4 Rae8 34. Qxf4 Rxe5 35.
Bxe5 Rxe5 36. Qd2 Bd5 37. Re1 Rg5 38. g3 Ba8 39. Kh2 Qc6 40. f4 Rd5 41. Qe2 Rd6
42. a6 Be7 43. a7 c4 44. Ra2 c3 45. Qxe7 Rd2+ 46. Rxd2 cxd2 47. Qe8+ Qxe8 48.
Rxe8+ Kf7 49. Rd8 1-0

[Event "Women's Speed Chess GP2"]
[Site "chess.com INT"]
[Date "2020.07.02"]
[Round "2.2"]
[White "Abdumalik, Zhansaya"]
[Black "Lagno, Kateryna"]
[Result "0-1"]
[WhiteTitle "IM"]
[BlackTitle "GM"]
[WhiteElo "2478"]
[BlackElo "2546"]
[WhiteFideId "13703544"]
[BlackFideId "14109336"]
[EventDate "2020.07.01"]
[EventType "k.o. blitz"]

1. e4 e5 2. Nf3 Nc6 3. Bb5 g6 4. Nc3 Bg7 5. O-O Nge7 6. Nd5 a6 7. Bc4 d6 8. c3
O-O 9. h3 Nxd5 10. Bxd5 Ne7 11. Bb3 h6 12. d4 exd4 13. Nxd4 Kh7 14. Be3 d5 15.
Ne2 dxe4 16. Qxd8 Rxd8 17. Bxf7 Bd7 18. Rfd1 Ba4 19. b3 Bb5 20. Nd4 Nf5 21. Ne6
Bxc3 22. Rxd8 Rxd8 23. Rc1 Rd3 24. Bxg6+ Kxg6 25. Nf4+ Kf6 26. Nxd3 exd3 27. a4
Nxe3 28. fxe3 d2 0-1

[Event "Women's Speed Chess GP2"]
[Site "chess.com INT"]
[Date "2020.07.02"]
[Round "2.3"]
[White "Lagno, Kateryna"]
[Black "Abdumalik, Zhansaya"]
[Result "1-0"]
[WhiteTitle "GM"]
[BlackTitle "IM"]
[WhiteElo "2546"]
[BlackElo "2478"]
[WhiteFideId "14109336"]
[BlackFideId "13703544"]
[EventDate "2020.07.01"]
[EventType "k.o. blitz"]

1. e4 e5 2. Bc4 Nc6 3. Nc3 Nf6 4. d3 Bc5 5. f4 O-O 6. Nf3 exf4 7. Bxf4 d6 8. Qd2
Na5 9. Bg5 Nxc4 10. dxc4 Be6 11. O-O-O Bxc4 12. Qf4 Qe7 13. e5 Qe6 14. exf6 gxf6
15. Qxf6 Be3+ 16. Kb1 1-0

[Event "Women's Speed Chess GP2"]
[Site "chess.com INT"]
[Date "2020.07.02"]
[Round "2.4"]
[White "Abdumalik, Zhansaya"]
[Black "Lagno, Kateryna"]
[Result "0-1"]
[WhiteTitle "IM"]
[BlackTitle "GM"]
[WhiteElo "2478"]
[BlackElo "2546"]
[WhiteFideId "13703544"]
[BlackFideId "14109336"]
[EventDate "2020.07.01"]
[EventType "k.o. blitz"]

1. e4 e5 2. Nf3 Nc6 3. Bb5 g6 4. c3 a6 5. Bxc6 dxc6 6. d4 exd4 7. cxd4 Bg7 8.
Nc3 Bg4 9. O-O Bxf3 10. Qxf3 Qxd4 11. Bf4 Ne7 12. Bxc7 Rc8 13. Rad1 Qf6 14. Qg3
Qe6 15. Bd6 O-O 16. f4 Rfe8 17. f5 gxf5 18. Rde1 f4 19. Bxf4 Ng6 20. Bg5 Qe5 21.
Qg4 Qe6 22. Rf5 Rc7 23. h4 Rd7 24. h5 Ne5 25. Qh4 h6 26. Bf6 Bxf6 27. Rxf6 Qg4
28. Qh2 Rd2 29. Re3 Kh7 30. Rg3 Qd7 31. Qh4 Re6 32. Qf4 Qd4+ 33. Kh1 Rd1+ 34.
Nxd1 Qxd1+ 35. Qf1 Qxh5+ 36. Kg1 Rxf6 37. Qxf6 Qd1+ 38. Qf1 Qd4+ 39. Kh2 Qxe4
40. Kh1 Qh4+ 41. Rh3 Qe4 42. Qf6 Qe1+ 43. Kh2 Ng4# 0-1

[Event "Women's Speed Chess GP2"]
[Site "chess.com INT"]
[Date "2020.07.02"]
[Round "2.5"]
[White "Lagno, Kateryna"]
[Black "Abdumalik, Zhansaya"]
[Result "1-0"]
[WhiteTitle "GM"]
[BlackTitle "IM"]
[WhiteElo "2546"]
[BlackElo "2478"]
[WhiteFideId "14109336"]
[BlackFideId "13703544"]
[EventDate "2020.07.01"]
[EventType "k.o. blitz"]

1. e4 e5 2. Bc4 Nc6 3. Nc3 g6 4. d3 Bg7 5. f4 d6 6. Nf3 Nf6 7. O-O O-O 8. fxe5
dxe5 9. Bg5 h6 10. Bh4 g5 11. Bg3 Bg4 12. h3 Bh5 13. Qd2 Qe7 14. Rf2 Bg6 15.
Raf1 Nh5 16. Bh2 Nf4 17. Nd5 Qd6 18. h4 g4 19. Nxf4 exf4 20. Bxf4 Qc5 21. Be3
Qh5 22. Ne1 Qxh4 23. g3 Qxg3+ 24. Rg2 Qd6 25. Bxh6 Ne5 26. Bb3 Rad8 27. Be3 c5
28. Qf2 b6 29. Qf4 Rde8 30. Rh2 Re7 31. Qg5 Rd8 32. Bf4 b5 33. Bd5 Rdd7 34. Kh1
Qf6 35. Qxf6 Bxf6 36. Rg2 Kg7 37. b3 Rd8 38. Kg1 Rh8 39. Be3 Nd7 40. Rxg4 Re5
41. Rg2 Reh5 42. Nf3 Ne5 43. Nxe5 Bxe5 44. Kf2 Bd6 45. Ke2 Rh3 46. Rxf7+ 1-0

[Event "Women's Speed Chess GP2"]
[Site "chess.com INT"]
[Date "2020.07.02"]
[Round "2.6"]
[White "Abdumalik, Zhansaya"]
[Black "Lagno, Kateryna"]
[Result "0-1"]
[WhiteTitle "IM"]
[BlackTitle "GM"]
[WhiteElo "2478"]
[BlackElo "2546"]
[WhiteFideId "13703544"]
[BlackFideId "14109336"]
[EventDate "2020.07.01"]
[EventType "k.o. blitz"]

1. e4 e5 2. Nf3 Nc6 3. Bb5 g6 4. O-O Bg7 5. c3 a6 6. Bxc6 dxc6 7. d4 exd4 8.
cxd4 Bg4 9. Nc3 Ne7 10. Bf4 O-O 11. h3 Bxf3 12. Qxf3 f5 13. Rad1 fxe4 14. Qxe4
Nd5 15. Be5 Qd7 16. f4 Rae8 17. Rde1 Qf7 18. Nxd5 cxd5 19. Qc2 c6 20. b4 h5 21.
a4 Kh7 22. g4 Bxe5 23. dxe5 Qd7 24. gxh5 Qf5 25. hxg6+ Kxg6 26. Qg2+ Kh7 27. Kh2
Rg8 28. Qf3 Rg6 29. Rg1 Reg8 30. Rxg6 Rxg6 31. Re2 Qb1 32. Rg2 Rxg2+ 33. Kxg2
Qxb4 34. f5 Qb2+ 35. Qf2 Qxe5 36. Qh4+ Kg7 37. Qg5+ Kf8 38. h4 d4 39. Kf3 Qd5+
40. Ke2 Qc4+ 41. Kd2 Qc3+ 42. Kd1 Qd3+ 43. Ke1 Qe4+ 44. Kd2 c5 45. Qd8+ Kf7 46.
Qc7+ Kf6 47. Qxc5 Qxh4 48. Qb6+ Kxf5 49. Qxb7 Qf4+ 50. Kd1 Qf1+ 51. Kd2 Qc4 52.
Qf3+ Ke5 53. Qg3+ Kf6 54. Qf4+ Ke6 55. Qe4+ Kd6 56. Qg6+ Kc5 57. Qf6 Kb4 58.
Qb6+ Kxa4 59. Qb2 Qb4+ 60. Qxb4+ Kxb4 61. Kd3 a5 62. Kxd4 a4 63. Kd3 Kb3 64. Kd2
Kb2 0-1

[Event "Women's Speed Chess GP2"]
[Site "chess.com INT"]
[Date "2020.07.02"]
[Round "2.7"]
[White "Lagno, Kateryna"]
[Black "Abdumalik, Zhansaya"]
[Result "1-0"]
[WhiteTitle "GM"]
[BlackTitle "IM"]
[WhiteElo "2546"]
[BlackElo "2478"]
[WhiteFideId "14109336"]
[BlackFideId "13703544"]
[EventDate "2020.07.01"]
[EventType "k.o. blitz"]

1. e4 c5 2. Nf3 e6 3. d4 cxd4 4. Nxd4 a6 5. Nc3 Qc7 6. Bd3 Nf6 7. O-O h5 8. Qe2
Bc5 9. Nb3 Ba7 10. h3 Nc6 11. Be3 b5 12. Bxa7 Qxa7 13. e5 b4 14. exf6 bxc3 15.
fxg7 Rg8 16. Qxh5 Bb7 17. Qh6 cxb2 18. Rab1 O-O-O 19. Bh7 Rge8 20. Qg5 Ne7 21.
Rxb2 f5 22. Rfb1 Be4 23. Nd2 Bc6 24. Nc4 Kc7 25. Na5 Bd5 26. c4 Be4 27. Qg3+ d6
28. Re1 Qc5 29. Nb3 Qe5 30. Qxe5 dxe5 31. Nc5 Ng8 32. Bxg8 Rxg8 33. Nxe6+ Kd7
34. Nxd8 Rxd8 35. Rd2+ 1-0

[Event "Women's Speed Chess GP2"]
[Site "chess.com INT"]
[Date "2020.07.02"]
[Round "2.8"]
[White "Abdumalik, Zhansaya"]
[Black "Lagno, Kateryna"]
[Result "0-1"]
[WhiteTitle "IM"]
[BlackTitle "GM"]
[WhiteElo "2478"]
[BlackElo "2546"]
[WhiteFideId "13703544"]
[BlackFideId "14109336"]
[EventDate "2020.07.01"]
[EventType "k.o. blitz"]

1. e4 e5 2. Nf3 Nc6 3. Bb5 g6 4. Nc3 Bg7 5. d4 Nxd4 6. Nxd4 exd4 7. Ne2 c6 8.
Bc4 Nf6 9. Qxd4 O-O 10. Bd3 d5 11. e5 Ng4 12. f4 f6 13. exf6 Bxf6 14. Qb4 a5 15.
Qc5 Be7 16. Qd4 c5 17. Qa4 c4 18. Bxc4 dxc4 19. Qxc4+ Kh8 20. Bd2 Qb6 21. Rf1
Bf6 22. Qb3 Qxb3 23. axb3 Bxb2 24. Ra2 Bg7 25. h3 Nf6 26. Rxa5 Bf5 27. Nd4 Rxa5
28. Bxa5 Ra8 0-1

[Event "Women's Speed Chess GP2"]
[Site "chess.com INT"]
[Date "2020.07.02"]
[Round "2.9"]
[White "Lagno, Kateryna"]
[Black "Abdumalik, Zhansaya"]
[Result "1-0"]
[WhiteTitle "GM"]
[BlackTitle "IM"]
[WhiteElo "2546"]
[BlackElo "2478"]
[WhiteFideId "14109336"]
[BlackFideId "13703544"]
[EventDate "2020.07.01"]
[EventType "k.o. blitz"]

1. e4 e5 2. Nf3 Nc6 3. Bb5 a6 4. Ba4 Nf6 5. O-O Be7 6. d3 b5 7. Bb3 d6 8. a4 Bd7
9. Bd2 O-O 10. h3 b4 11. a5 Rb8 12. c3 h6 13. Re1 Re8 14. Bc4 Qc8 15. d4 bxc3
16. bxc3 Bf8 17. Qc2 Nh5 18. Qd3 Ra8 19. Be3 Nf6 20. Nbd2 g6 21. Nh4 Kg7 22. Rf1
g5 23. Nhf3 Nh5 24. dxe5 Nxe5 25. Nxe5 dxe5 26. Nb3 Nf4 27. Qc2 Be6 28. Bxe6
Qxe6 29. Rfd1 Qg6 30. Rd7 Bd6 31. Nc5 Bxc5 32. Bxc5 Qc6 33. Rad1 Qxc5 34. Qb3
Re6 35. Qb7 Rae8 36. Rxc7 Qxa5 37. Rxf7+ Kg6 38. Rg7+ Kh5 39. Qf7+ Kh4 40. g3+
Kxh3 41. Qf5+ 1-0

[Event "Women's Speed Chess GP2"]
[Site "chess.com INT"]
[Date "2020.07.02"]
[Round "2.10"]
[White "Abdumalik, Zhansaya"]
[Black "Lagno, Kateryna"]
[Result "1/2-1/2"]
[WhiteTitle "IM"]
[BlackTitle "GM"]
[WhiteElo "2478"]
[BlackElo "2546"]
[WhiteFideId "13703544"]
[BlackFideId "14109336"]
[EventDate "2020.07.01"]
[EventType "k.o. blitz"]

1. e4 e5 2. Nf3 Nc6 3. Bb5 g6 4. c3 a6 5. Ba4 Bg7 6. O-O Nge7 7. d4 b5 8. Bb3
exd4 9. cxd4 d6 10. h3 O-O 11. Nc3 Na5 12. Bc2 c5 13. Rb1 Nac6 14. Ne2 cxd4 15.
Nexd4 Bb7 16. a3 Re8 17. Bg5 h6 18. Be3 Ne5 19. Nxe5 dxe5 20. Nb3 Qc7 21. Nc5
Bc6 22. b4 Nc8 23. Qd2 Kh7 24. Bb3 Nd6 25. Bd5 Bxd5 26. exd5 Nc4 27. Qd3 Red8
28. Rfd1 Rd6 29. Ne4 Rd7 30. Bc5 f5 31. Ng3 e4 32. Qb3 Rad8 33. a4 Rxd5 34. Rxd5
Rxd5 35. axb5 axb5 36. Nf1 Qd7 37. Ne3 Rd3 38. Qa2 Nxe3 39. Bxe3 Be5 40. Qe2 f4
41. Bc5 Qd5 42. Re1 Bc3 43. Qxe4 Bxe1 44. Qe7+ Kg8 45. Qe8+ Kh7 46. Qe7+ Kg8 47.
Qf8+ Kh7 48. Qe7+ 1/2-1/2

[Event "Women's Speed Chess GP2"]
[Site "chess.com INT"]
[Date "2020.07.02"]
[Round "2.11"]
[White "Lagno, Kateryna"]
[Black "Abdumalik, Zhansaya"]
[Result "1-0"]
[WhiteTitle "GM"]
[BlackTitle "IM"]
[WhiteElo "2546"]
[BlackElo "2478"]
[WhiteFideId "14109336"]
[BlackFideId "13703544"]
[EventDate "2020.07.01"]
[EventType "k.o. blitz"]

1. e4 e5 2. Bc4 Nc6 3. Nc3 Nf6 4. d3 d6 5. f4 Bg4 6. Nf3 Nd4 7. O-O Nxf3+ 8.
gxf3 Bh3 9. Rf2 exf4 10. Bxf4 Be7 11. Kh1 Nh5 12. Be3 Bh4 13. Re2 Qd7 14. Qd2 h6
15. a4 a6 16. b4 Bf6 17. Rg1 g5 18. Nd5 Bd8 19. b5 axb5 20. axb5 c6 21. bxc6
bxc6 22. Bd4 cxd5 23. exd5+ Kf8 24. Bxh8 Nf4 25. Re3 Bb6 26. d4 Qf5 27. Qb4 Bc7
28. Qb7 Rc8 29. Ba6 Qxc2 30. Qxc8+ Bxc8 31. Bxc8 Bb6 32. Bd7 Kg8 33. Bf6 Kh7 34.
Re8 Kg6 35. Bh8 Qc7 36. Bg4 h5 37. Rg8+ Kh7 38. Rxg5 Kxh8 39. Bf5 Qd8 40. Rg7
Ng6 41. Rxf7 Bxd4 42. Rxg6 Be5 43. Rh6+ Kg8 44. Be6 Qg5 45. Rf5+ Kg7 46. Rxg5+
Kxh6 47. Rxe5 dxe5 48. d6 1-0